Process Selection:From Design to Manufacture, 2/e (Record no. 268143)

000 -LEADER
fixed length control field 00331 a2200133 4500
001 - CONTROL NUMBER
control field 33070
082 ## - DEWEY DECIMAL CLASSIFICATION NUMBER
Classification number 670.4221 SWI
090 ## - LOCALLY ASSIGNED LC-TYPE CALL NUMBER (OCLC); LOCAL CALL NUMBER (RLIN)
-- 22200
-- 22200
100 ## - MAIN ENTRY--PERSONAL NAME
Personal name Swift, K.G
245 ## - TITLE STATEMENT
Title Process Selection:From Design to Manufacture, 2/e
250 ## - EDITION STATEMENT
Edition statement 2
260 ## - PUBLICATION, DISTRIBUTION, ETC.
Place of publication, distribution, etc. London
Name of publisher, distributor, etc. Butterworth/Heinemann
Date of publication, distribution, etc. 2003
300 ## - PHYSICAL DESCRIPTION
Extent xvi, 316 p
942 ## - ADDED ENTRY ELEMENTS (KOHA)
Institution code [OBSOLETE] NUST-CAE
Call number prefix 670.4221 SWI
Holdings
Withdrawn status Lost status Damaged status Not for loan Collection code Permanent Location Current Location Date acquired Total Checkouts Full call number Barcode Date last seen Price effective from Koha item type
          College of Aeronautical Engineering (CAE) College of Aeronautical Engineering (CAE) 04/03/2017   670.4221 SWI CAEN-2373 04/05/2017 04/05/2017 Book
© 2023 Central Library, National University of Sciences and Technology. All Rights Reserved.